| 000 | 00519nam a2200169 i 4500 | ||
|---|---|---|---|
| 001 | 87598 | ||
| 003 | ES-MaACL | ||
| 007 | t| | ||
| 008 | 041222s1984 sp ||||1| spa d | ||
| 100 | 1 |
_aKrishnamurti, J. _968859 |
|
| 245 | 1 | 3 |
_aLa libertad primera y última / _cKrishnamurti ; [traducción de Arturo Orzábal Quintana]. |
| 250 | _a[1ª ed., reimp.]. | ||
| 260 |
_aBarcelona : _bEdhasa, _c1984. |
||
| 300 |
_a297 p. ; _c19 cm. |
||
| 700 | 1 |
_aOrzábal Quintana, Arturo. _987712 |
|
| 852 |
_aES-MaACL _jL-9560 _bR.111898 |
||
| 999 |
_c87598 _d87598 |
||